| 000 | 01202nam a2200265Ia 4500 | ||
|---|---|---|---|
| 003 | OSt | ||
| 005 | 20250710145836.0 | ||
| 008 | 191128t2007 ck br 000 f spa d | ||
| 020 | _a9789587048759 | ||
| 040 |
_aCO-JMCR _cCO-JMCR |
||
| 041 | _aspa | ||
| 082 | 0 | 4 |
_aN _bPESn |
| 100 | 1 |
_aPescetti, Luis María, _eautor _97860 |
|
| 245 | 1 | 0 |
_aNatacha / _cLuis María Pescetti; ilustrador Pedro Fernández |
| 250 | _aSegunda edición | ||
| 260 |
_aBogotá : _bAlfagura, _c©2007 |
||
| 300 |
_a112 páginas ; _c20 cm |
||
| 490 | 0 | _aAlfaguara infantil | |
| 500 | _aIncluye datos biográficos del autor. | ||
| 505 | _aA un lugar--Se vivió--Rafles--Tarea--¿Basta?--Mensaje en el contestador--El robo--¿Qué dijo?--La voz de adentro--La historia--Mental--El cable del teléfono--Las manzanas-globo--Acnécodta--Nota a la madre--Olvidarse de--Combinar--Elbaño--Cuantomenos | ||
| 520 | _aNatacha tiene una mamá que inventa cuentos de mounstruos, una amiga Pati con quien forma "Las chicas Perla" y un perro Rafles un poco destrozón. Natacha es una niña divertida y preguntona. | ||
| 650 | 1 | 4 |
_aNovela infantil _ySiglo XX _97861 |
| 700 |
_aFernández, Pedro, _eilustrador _97862 |
||
| 942 |
_2ddc _cBK |
||
| 999 |
_c3553 _d3553 |
||